=LDR 00000nam 2200000 4500 =001 001201 =005 20250710024111 =035 ##$$a 0010-0725000198 =007 ta =008 250710################a##########0#ind## =020 ##$$a 978-623-307-477-3 =082 ##$$a 398.209 598 =084 ##$$a 398.209 598 RID e =100 #$$a Riddhi nath =245 1#$$a Emily, iklim monsun, dan katak /$c Riddhi nath =250 ##$$a Cetakan pertama =260 ##$$a Rawamangun :$b Badan pengembangan dan pembinaan bahasa,$c 2022 =300 ##$$a 18 hlm. : $b Ilus. ; $c 29 cm =650 #4$$a Cerita anak indonesia-terjemahan =990 ##$$a TBM00550055 =990 ##$$a TBM202400056